000
00245nam a22001217a 4500
040
_c
HS
082
_a
338
100
_a
SADHU
245
_a
Fundamentals of agricultural economics
260
_a
Jammu
_b
SADHU
_c
1993
300
_a
421p;
942
_c
EK
999
_c
9988
_d
9988